000 00538nam a2200157 a 4500
001 000037868
005 20201002031128.0
008 130307d2012 dr 000 0 spa d
020 _a9789945860559
040 _aDO-SdBNP
_bspa
_cBNPHU
100 1 _aTejada M. José Miguel
_964315
245 1 3 _aLa reconciliación :
_blibro de reflexiones bíblicas /
_cJosé Miguel Tejada M.
260 _aSanto Domingo :
_bPublicaciones Libertad,
_c2012.
300 _a128 p. ;
_c21 cm.
500 _aIncluye datos biográficos del autor en la contracubierta
999 _c37358
_d37358